000 004270000a22001690004500
003 MACL
005 20160113154415.0
008 160113b xxu||||| |||| 00| 0 eng d
040 _aMACL
_cMACL
041 _aEnglish
082 _a972/MAR
100 _aMartin, Percy F.
_931895
245 _aSalvador of the Twentieth Century
260 _bEdward Arnold
_c1911
_aLondon
650 _aHistory
_931896
942 _cBK
_k972/MAR
_2ddc
999 _c37579
_d37579